[Event "Barcelona Gotic op 2nd"]
[Site "Barcelona"]
[Date "2018.05.08"]
[Round "2"]
[White "Daguro Dasalla, Armando"]
[Black "Arroyo Mateo, Jose Miguel"]
[Result "1-0"]
[WhiteElo "1944"]
[BlackElo "1837"]
[PlyCount "59"]
[EventDate "2018.04.24"]
[EventType "swiss"]
[EventRounds "8"]
[EventCountry "ESP"]
[SourceTitle "EXT 2019"]
[Source "ChessBase"]
[SourceDate "2018.10.10"]
[SourceVersion "1"]
[SourceVersionDate "2018.10.10"]
[SourceQuality "1"]

1. d4 Nf6 2. c4 c5 3. d5 e6 4. Nc3 exd5 5. cxd5 d6 6. g3 g6 7. Bg2 Bg7 8. Nf3 0-0 9. a4 a6 10. 0-0 Re8 11. Bg5 h6 12. Bf4 g5 13. Be3 Ng4 14. Bd2 Nd7 15. h4 Nge5 16. hxg5 Nxf3+ 17. Bxf3 hxg5 18. Qc1 f6 19. Bh5 Re5 20. e4 Nf8 21. g4 Nh7 22. Qc2 Bd7 23. Ne2 f5 24. gxf5 Bxf5 25. exf5 Rxe2 26. Bxe2 g4 27. Qe4 Ng5 28. Bxg5 Qxg5 29. Qe6+ Kh8 30. Kg2 1-0

[Event "Barcelona Sant Marti op-B 18th"]
[Site "Barcelona"]
[Date "2016.07.13"]
[Round "1.48"]
[White "Arroyo Mateo, Jose Miguel"]
[Black "Antequera Garcia, Luis"]
[Result "0-1"]
[WhiteElo "1811"]
[BlackElo "1333"]
[PlyCount "40"]
[EventDate "2016.07.13"]
[EventType "swiss"]
[EventRounds "9"]
[EventCountry "ESP"]
[SourceTitle "EXT 2024"]
[Source "ChessBase"]
[SourceDate "2023.10.10"]
[SourceVersion "1"]
[SourceVersionDate "2023.10.10"]
[SourceQuality "1"]

1. c4 e5 2. g3 Nf6 3. Bg2 Nc6 4. Nc3 Bc5 5. e3 Ne7 6. a3 d5 7. b4 d4 8. Na4 dxe3 9. Nxc5 exf2+ 10. Kf1 fxg1Q+ 11. Rxg1 Qd4 12. Rb1 Ng4 13. Qe2 Nxh2+ 14. Ke1 Qxg1+ 15. Bf1 Qxg3+ 16. Qf2 Qxf2+ 17. Kxf2 Nxf1 18. Kxf1 Bf5 19. d3 b6 20. Na6 Bxd3+ 0-1

[Event "Barcelona Sant Marti op-A 17th"]
[Site "Barcelona"]
[Date "2015.07.17"]
[Round "5"]
[White "Arroyo Mateo, Jose Miguel"]
[Black "Molano Lafuente, Ismael"]
[Result "0-1"]
[WhiteElo "1937"]
[BlackElo "2112"]
[PlyCount "74"]
[EventDate "2015.07.13"]
[EventType "swiss"]
[EventRounds "9"]
[EventCountry "ESP"]
[SourceTitle "CBM 167 Extra"]
[Source "ChessBase"]
[SourceDate "2015.09.14"]
[SourceVersion "1"]
[SourceVersionDate "2015.09.14"]
[SourceQuality "1"]

1. e4 e5 2. Nf3 f5 3. Nxe5 Qf6 4. d4 d6 5. Nc4 fxe4 6. Nc3 Qg6 7. f3 exf3 8. Qxf3 Nf6 9. Bd3 Qg4 10. Qxg4 Bxg4 11. Ne3 Bd7 12. Ned5 Nxd5 13. Nxd5 Kd8 14. Bg5+ Kc8 15. 0-0 c6 16. Ne7+ Kc7 17. Rf7 Na6 18. Bf5 Be8 19. Nd5+ Kb8 20. Rxf8 Rxf8 21. Be7 Rxf5 22. Bxd6+ Kc8 23. Ne7+ Kd7 24. Nxf5 Bg6 25. Rf1 Bxf5 26. Rxf5 Kxd6 27. Rf7 Re8 28. Rxg7 Re7 29. Rg8 Nb4 30. g4 Nxc2 31. g5 Nxd4 32. g6 hxg6 33. Rxg6+ Kc5 34. Rg5+ Kb6 35. Kg2 Re2+ 36. Kg3 Rxb2 37. h4 Rxa2 0-1

[Event "Barcelona Sant Marti op-A 17th"]
[Site "Barcelona"]
[Date "2015.07.16"]
[Round "4"]
[White "Fernandez Diaz, Cristian"]
[Black "Arroyo Mateo, Jose Miguel"]
[Result "1-0"]
[WhiteElo "2272"]
[BlackElo "1937"]
[PlyCount "51"]
[EventDate "2015.07.13"]
[EventType "swiss"]
[EventRounds "9"]
[EventCountry "ESP"]
[SourceTitle "CBM 167 Extra"]
[Source "ChessBase"]
[SourceDate "2015.09.14"]
[SourceVersion "1"]
[SourceVersionDate "2015.09.14"]
[SourceQuality "1"]

1. d4 Nf6 2. c4 g6 3. Nc3 Bg7 4. e4 d6 5. Nge2 0-0 6. Ng3 e5 7. d5 a5 8. Be2 Nbd7 9. h4 h5 10. Bg5 Qe8 11. Nb5 Qd8 12. Bxh5 gxh5 13. Nxh5 Nc5 14. Nc3 Bg4 15. Nxf6+ Qxf6 16. Qxg4 Nd3+ 17. Kd2 Nxf2 18. Qe2 Bh6 19. Kc2 Bxg5 20. hxg5 Qxg5 21. Qxf2 f5 22. Rh3 f4 23. Rah1 Qg6 24. Qf3 a4 25. Rh4 Kf7 26. Qh3 1-0

[Event "Barcelona Sant Marti op-A 17th"]
[Site "Barcelona"]
[Date "2015.07.15"]
[Round "3"]
[White "Arroyo Mateo, Jose Miguel"]
[Black "Busquets, Luis"]
[Result "1-0"]
[WhiteElo "1937"]
[BlackElo "2189"]
[PlyCount "27"]
[EventDate "2015.07.13"]
[EventType "swiss"]
[EventRounds "9"]
[EventCountry "ESP"]
[SourceTitle "CBM 167 Extra"]
[Source "ChessBase"]
[SourceDate "2015.09.14"]
[SourceVersion "1"]
[SourceVersionDate "2015.09.14"]
[SourceQuality "1"]

1. e4 c5 2. Nf3 d6 3. d4 cxd4 4. Qxd4 Nc6 5. Bb5 Bd7 6. Bxc6 Bxc6 7. Nc3 Nf6 8. Bg5 e6 9. 0-0-0 Be7 10. Rhe1 0-0 11. e5 dxe5 12. Qh4 Qc7 13. Nxe5 Rad8 14. Ng4 1-0

[Event "Barbera del Valles op 38th"]
[Site "Barbera del Valles"]
[Date "2015.07.08"]
[Round "5"]
[White "Arroyo Mateo, Jose Miguel"]
[Black "Supriya, Joshi"]
[Result "0-1"]
[WhiteElo "1937"]
[BlackElo "1953"]
[PlyCount "84"]
[EventDate "2015.07.04"]
[EventType "swiss"]
[EventRounds "9"]
[EventCountry "ESP"]
[SourceTitle "CBM 167 Extra"]
[Source "ChessBase"]
[SourceDate "2015.09.14"]
[SourceVersion "1"]
[SourceVersionDate "2015.09.14"]
[SourceQuality "1"]

1. e4 c6 2. d4 d5 3. e5 Bf5 4. h4 h5 5. Bg5 Qb6 6. Bd3 Bxd3 7. Qxd3 e6 8. Nc3 Ne7 9. Bxe7 Bxe7 10. Nge2 c5 11. Qb5+ Qxb5 12. Nxb5 Kd7 13. dxc5 Nc6 14. f4 Bxc5 15. c3 a6 16. Nbd4 Bxd4 17. cxd4 Rac8 18. Kd2 Rc7 19. Rac1 Rhc8 20. Rh3 b5 21. Rg3 g6 22. Rgc3 Na5 23. Rxc7+ Rxc7 24. Rxc7+ Kxc7 25. Kc3 Nc6 26. Ng1 Ne7 27. Nf3 Nf5 28. a4 Ne3 29. g3 Nf1 30. Ng5 Nxg3 31. axb5 axb5 32. Kb4 Kb6 33. Kc3 Ne2+ 34. Kd3 Nxf4+ 35. Kd2 Ng2 36. Nf3 Ka5 37. Ke2 Kb4 38. Kf2 Nf4 39. Ke3 Nh3 40. Nd2 g5 41. hxg5 Nxg5 42. Kf4 Ne4 0-1

[Event "Barcelona Catalunya op"]
[Site "Barcelona"]
[Date "2010.03.28"]
[Round "2"]
[White "Arroyo Mateo, Jose Miguel"]
[Black "Cruz, Jonathan"]
[Result "0-1"]
[WhiteElo "1980"]
[BlackElo "2292"]
[PlyCount "64"]
[EventDate "2010.03.27"]
[EventType "swiss"]
[EventRounds "9"]
[EventCountry "ESP"]
[SourceTitle "CBM 135 Extra"]
[Source "ChessBase"]
[SourceDate "2010.05.04"]
[SourceVersion "1"]
[SourceVersionDate "2010.05.04"]
[SourceQuality "1"]

1. e4 c6 2. d4 d5 3. Nc3 dxe4 4. Nxe4 Bf5 5. Ng3 Bg6 6. h4 h6 7. Nf3 Nd7 8. h5 Bh7 9. Bd3 Bxd3 10. Qxd3 Qc7 11. Bd2 Ngf6 12. c4 e6 13. 0-0-0 0-0-0 14. Kb1 Bd6 15. Ne2 c5 16. Nc3 a6 17. Be3 cxd4 18. Nxd4 Ne5 19. Qe2 Qxc4 20. Qc2 Kb8 21. f3 Bc7 22. b3 Qb4 23. Rh4 Qe7 24. Rhh1 Nd5 25. Bf2 Nc4 26. Nxd5 Na3+ 27. Kb2 Rxd5 28. Qe2 Rhd8 29. Nc2 Qf6+ 30. Kc1 Bf4+ 31. Be3 Rc8 32. Rxd5 Qa1+ 0-1